[Event "Hessenliga 1921"]
[Site "Hessen"]
[Date "2019.12.01"]
[Round "4.4"]
[White "Knickel, Aaron"]
[Black "Rosenberger, Berthold"]
[Result "0-1"]
[WhiteElo "2145"]
[BlackElo "2243"]
[PlyCount "84"]
[EventDate "2019.09.22"]
[EventType "team-tourn"]
[EventRounds "9"]
[EventCountry "GER"]
[SourceTitle "EXT 2024"]
[Source "ChessBase"]
[SourceDate "2023.10.10"]
[SourceVersion "1"]
[SourceVersionDate "2023.10.10"]
[SourceQuality "1"]
[WhiteTeam "Neuberg II"]
[BlackTeam "Dettingen"]
[WhiteTeamCountry "GER"]
[BlackTeamCountry "GER"]

1. g3 c5 2. Bg2 Nc6 3. c4 g6 4. Nc3 Bg7 5. e4 d6 6. Nge2 e6 7. a3 Nge7 8. Rb1 0-0 9. b4 b6 10. 0-0 Bb7 11. d3 Nd4 12. Nxd4 Bxd4 13. Ne2 Bg7 14. Be3 Qc8 15. f4 f5 16. Qc2 Rb8 17. Nc3 Rd8 18. Rfe1 Qd7 19. Bf2 Ba8 20. h3 Rbc8 21. b5 d5 22. e5 dxc4 23. dxc4 Bxg2 24. Kxg2 g5 25. Be3 gxf4 26. gxf4 Ng6 27. Kh2 Qd3 28. Rbc1 Qxc4 29. Qf2 Rd3 30. Ne2 Qb3 31. Ng3 c4 32. Nh5 c3 33. Rc2 Rcd8 34. Rec1 Qxa3 35. Rg1 Qa4 36. Rg2 Qe4 37. Nxg7 Kxg7 38. Qh4 Rf8 39. Bc1 Rd2 40. Bxd2 Qxg2+ 41. Kxg2 Nxh4+ 42. Kg3 cxd2 0-1

[Event "Hessenliga 1819"]
[Site "Hessen"]
[Date "2018.12.09"]
[Round "4.5"]
[White "Knickel, Aaron"]
[Black "Stickler, Roberto"]
[Result "1/2-1/2"]
[WhiteElo "2145"]
[BlackElo "2227"]
[PlyCount "60"]
[EventDate "2018.09.23"]
[EventType "team-tourn"]
[EventRounds "9"]
[EventCountry "GER"]
[SourceTitle "EXT 2020"]
[Source "ChessBase"]
[SourceDate "2019.10.17"]
[SourceVersion "1"]
[SourceVersionDate "2019.10.17"]
[SourceQuality "1"]
[WhiteTeam "Neuberg II"]
[BlackTeam "Dettingen"]
[WhiteTeamCountry "GER"]
[BlackTeamCountry "GER"]

1. g3 Nf6 2. Bg2 g6 3. c4 Bg7 4. Nc3 0-0 5. e4 d6 6. Nge2 c5 7. a3 Nc6 8. Rb1 Ne5 9. d3 Bg4 10. 0-0 Bf3 11. b4 b6 12. h3 e6 13. Bxf3 Nxf3+ 14. Kg2 Ne5 15. f4 Nc6 16. f5 exf5 17. exf5 d5 18. fxg6 hxg6 19. bxc5 d4 20. Na4 bxc5 21. Nxc5 Qd6 22. Nb7 Qe7 23. Bg5 Rab8 24. Nf4 Qxa3 25. Bxf6 Bxf6 26. Rb3 Qa6 27. Nc5 Qa5 28. Nd5 Bg7 29. Rxb8 Rxb8 30. Ne4 Rb2+ 1/2-1/2

[Event "Hessenliga 1718"]
[Site "Hessen"]
[Date "2018.01.14"]
[Round "5.5"]
[White "Barpiyeva, Gulsana"]
[Black "Knickel, Aaron"]
[Result "1/2-1/2"]
[WhiteElo "2099"]
[BlackElo "2148"]
[PlyCount "104"]
[EventDate "2017.09.17"]
[EventType "team-tourn"]
[EventRounds "9"]
[EventCountry "GER"]
[SourceTitle "CBM 189 Extra"]
[Source "ChessBase"]
[SourceDate "2019.06.03"]
[SourceVersion "1"]
[SourceVersionDate "2019.06.03"]
[SourceQuality "1"]
[WhiteTeam "Frankfurt BvK"]
[BlackTeam "Neuberg II"]
[WhiteTeamCountry "GER"]
[BlackTeamCountry "GER"]

1. d4 d6 2. Nf3 g6 3. e3 Bg7 4. Bd3 Nf6 5. c4 Nbd7 6. Nc3 e5 7. 0-0 0-0 8. Qc2 c6 9. b3 Re8 10. Bb2 Qe7 11. dxe5 dxe5 12. e4 a5 13. Rfe1 Nc5 14. Ba3 Nfd7 15. Na4 Bf8 16. Bf1 Qf6 17. Nc3 Ne6 18. Bxf8 Kxf8 19. Na4 Ndc5 20. Nxc5 Nxc5 21. a3 a4 22. b4 Nb3 23. Rad1 Bg4 24. Be2 Bxf3 25. Bxf3 Nd4 26. Qc3 Red8 27. c5 Qe6 28. Rb1 Rd7 29. Bd1 f6 30. h3 h5 31. Rb2 Kg7 32. Qe3 Qc4 33. Rd2 Rad8 34. Rb2 Ra8 35. Rd2 Rad8 36. Rb2 Nb5 37. Be2 Qc3 38. Qxc3 Nxc3 39. f3 Rd2 40. Rxd2 Rxd2 41. Bc4 Kf8 42. Rc1 Ne2+ 43. Bxe2 Rxe2 44. Rd1 Re3 45. Rd8+ Ke7 46. Rb8 Rxa3 47. Rxb7+ Kd8 48. Ra7 Ra1+ 49. Kf2 a3 50. h4 a2 51. Kg3 f5 52. Kf2 fxe4 1/2-1/2

[Event "Hessenliga 1718"]
[Site "Hessen"]
[Date "2017.09.17"]
[Round "1.5"]
[White "Burkhardt, Holger"]
[Black "Knickel, Aaron"]
[Result "0-1"]
[WhiteElo "2064"]
[BlackElo "2148"]
[PlyCount "102"]
[EventDate "2017.09.17"]
[EventType "team-tourn"]
[EventRounds "9"]
[EventCountry "GER"]
[SourceTitle "CBM 189 Extra"]
[Source "ChessBase"]
[SourceDate "2019.06.03"]
[SourceVersion "1"]
[SourceVersionDate "2019.06.03"]
[SourceQuality "1"]
[WhiteTeam "Giessen"]
[BlackTeam "Neuberg II"]
[WhiteTeamCountry "GER"]
[BlackTeamCountry "GER"]

1. d4 g6 2. e4 Bg7 3. c3 d6 4. Nf3 Nf6 5. Nbd2 Nbd7 6. Bd3 e5 7. dxe5 dxe5 8. 0-0 0-0 9. Qe2 b6 10. a4 a5 11. b3 Nc5 12. Bc2 Ba6 13. Nc4 Re8 14. Ba3 Nfd7 15. Rfd1 Qc8 16. b4 axb4 17. cxb4 Ne6 18. b5 Bb7 19. Bb2 Nf4 20. Qe1 f6 21. Ba3 Bf8 22. Ne3 Nc5 23. Bxc5 Bxc5 24. g3 Nh3+ 25. Kg2 f5 26. Nd5 fxe4 27. Bxe4 Nxf2 28. Nf6+ Kf7 29. Bxb7 Qh3+ 30. Kg1 Nxd1+ 31. Kh1 Nf2+ 32. Qxf2 Bxf2 33. Ng5+ Kxf6 34. Nxh3 Bd4 35. Rf1+ Ke7 36. Bxa8 Rxa8 37. Rc1 Kd6 38. Rc4 h6 39. Rc6+ Kd5 40. Rxg6 Rxa4 41. Rxh6 e4 42. Nf4+ Ke5 43. Rc6 Kf5 44. Rxc7 Kg4 45. Rc1 Rb4 46. Re1 Bf2 47. Rf1 Kf3 48. Nh3 e3 49. Ng1+ Ke4 50. Nh3 e2 51. Nxf2+ Kf3 0-1

[Event "BL2-Sued 1314"]
[Site "Germany"]
[Date "2014.04.06"]
[Round "9.7"]
[White "Zude, Erik"]
[Black "Knickel, Aaron"]
[Result "1-0"]
[WhiteElo "2368"]
[BlackElo "2182"]
[PlyCount "45"]
[EventDate "2013.10.13"]
[EventType "team-tourn"]
[EventRounds "9"]
[EventCountry "GER"]
[SourceTitle "EXT 2015"]
[Source "ChessBase"]
[SourceDate "2014.11.20"]
[SourceVersion "1"]
[SourceVersionDate "2014.11.20"]
[SourceQuality "1"]
[WhiteTeam "Hofheim"]
[BlackTeam "Neuberg"]
[WhiteTeamCountry "GER"]
[BlackTeamCountry "GER"]

1. d4 d6 2. Nf3 g6 3. c4 Bg7 4. Nc3 Nd7 5. e4 e5 6. Be2 Ngf6 7. 0-0 0-0 8. Be3 h6 9. Ne1 c6 10. d5 Qe7 11. Qd2 Kh7 12. Nd3 Ne8 13. b4 f5 14. f3 Nef6 15. Rac1 fxe4 16. fxe4 Nb6 17. Nf2 cxd5 18. exd5 Rd8 19. a4 Nbd7 20. Nb5 b6 21. Ra1 Bb7 22. a5 Rdc8 23. a6 1-0

[Event "Staufer op 24th"]
[Site "Schwaebisch Gmuend"]
[Date "2012.01.05"]
[Round "8"]
[White "Knickel, Aaron"]
[Black "Walter, Andreas"]
[Result "1/2-1/2"]
[WhiteElo "2159"]
[BlackElo "1931"]
[PlyCount "33"]
[EventDate "2012.01.02"]
[EventType "swiss"]
[EventRounds "9"]
[EventCountry "GER"]
[SourceTitle "CBM 146 Extra"]
[Source "ChessBase"]
[SourceDate "2012.02.29"]
[SourceVersion "1"]
[SourceVersionDate "2012.02.29"]
[SourceQuality "1"]

1. c4 e5 2. Nc3 Nf6 3. e4 Nc6 4. g3 Bc5 5. Bg2 d6 6. Nge2 Be6 7. d3 Qd7 8. h3 Nd4 9. Be3 h5 10. Bxd4 exd4 11. Nd5 Bxd5 12. cxd5 Qb5 13. Qc2 Nd7 14. 0-0 h4 15. g4 g5 16. Rfb1 a5 17. f4 1/2-1/2

[Event "GER-chT U20"]
[Site "Osnabrueck"]
[Date "2010.12.27"]
[Round "1.1"]
[White "Knickel, Aaron"]
[Black "Olbrich, Jakob"]
[Result "1-0"]
[WhiteElo "2141"]
[BlackElo "1794"]
[PlyCount "113"]
[EventDate "2010.12.27"]
[EventType "team-swiss"]
[EventRounds "7"]
[EventCountry "GER"]
[SourceTitle "CBM 140 Extra"]
[Source "ChessBase"]
[SourceDate "2011.03.01"]
[SourceVersion "1"]
[SourceVersionDate "2011.03.01"]
[SourceQuality "1"]
[WhiteTeam "Neuberg"]
[BlackTeam "Dresden USV"]
[WhiteTeamCountry "GER"]
[BlackTeamCountry "GER"]

1. g3 e5 2. Bg2 Nf6 3. c4 c6 4. Nc3 Be7 5. Nf3 d6 6. 0-0 0-0 7. d3 Nbd7 8. a3 Re8 9. b4 h6 10. Bb2 Qc7 11. Rc1 Nf8 12. d4 Ng6 13. e4 Nh7 14. d5 b6 15. dxc6 Qxc6 16. Nd5 Bf8 17. Qd3 Bb7 18. Bh3 Bc8 19. Bxc8 Raxc8 20. Rc2 Qd7 21. Kg2 Nf6 22. Nxf6+ gxf6 23. h3 Qe6 24. Bc1 Kh7 25. Be3 Red8 26. Rfc1 Rd7 27. a4 Ne7 28. Nh4 Nc6 29. Qd2 Ne7 30. g4 Ng8 31. Nf5 Rdc7 32. Qd3 Ne7 33. b5 Nxf5 34. gxf5 Qe7 35. Qd5 Bg7 36. Ra2 Rg8 37. a5 h5 38. axb6 axb6 39. Ra8 Rxa8 40. Qxa8 Ra7 41. Qc6 Bh6 42. Bxh6 Kxh6 43. Qxb6 Ra8 44. Kh2 Qf8 45. c5 Kh7 46. cxd6 Ra2 47. Rc3 Re2 48. d7 Qh6 49. d8Q Qf4+ 50. Kg2 h4 51. Qe3 Rxe3 52. Rxe3 Qg5+ 53. Kf1 Qf4 54. b6 Qh2 55. b7 Qh1+ 56. Ke2 Qc1 57. b8Q 1-0

[Event "Oberliga Ost-B 1011"]
[Site "Germany"]
[Date "2010.11.13"]
[Round "2.4"]
[White "Mueller, Horst1111"]
[Black "Knickel, Aaron"]
[Result "0-1"]
[WhiteElo "2199"]
[BlackElo "2161"]
[PlyCount "130"]
[EventDate "2010.10.24"]
[EventType "team-tourn"]
[EventRounds "11"]
[EventCountry "GER"]
[SourceTitle "EXT 2012"]
[Source "ChessBase"]
[SourceDate "2011.11.24"]
[SourceVersion "1"]
[SourceVersionDate "2011.11.24"]
[SourceQuality "1"]
[WhiteTeam "Offenbach"]
[BlackTeam "Neuberg"]
[WhiteTeamCountry "GER"]
[BlackTeamCountry "GER"]

1. d4 d6 2. Nf3 Nd7 3. c4 g6 4. Nc3 Bg7 5. e4 e5 6. Be2 Ngf6 7. 0-0 0-0 8. dxe5 dxe5 9. Qc2 c6 10. b3 Re8 11. Bb2 Qc7 12. Rad1 a5 13. Rfe1 Nc5 14. a3 Ne6 15. Na4 Nd7 16. c5 Bf8 17. b4 axb4 18. axb4 f6 19. Qb3 b5 20. Nc3 Kh8 21. Ra1 Rxa1 22. Rxa1 Nd4 23. Qd1 Nxe2+ 24. Qxe2 Nb8 25. Nd1 Be6 26. Ne3 Rd8 27. Bc3 Bg7 28. h3 Nd7 29. Qb2 Nf8 30. Ra5 Bc8 31. Qa1 Ne6 32. Ra7 Bb7 33. Ra2 Nf4 34. Kf1 Qd7 35. Rd2 Qe8 36. Qa7 Rxd2 37. Bxd2 Qd7 38. Kg1 Bc8 39. Qa8 h6 40. Qa2 Kh7 41. Qc2 Ne2+ 42. Kf1 Nd4 43. Nxd4 exd4 44. Nd1 Qf7 45. Nb2 f5 46. f3 fxe4 47. Qxe4 Qa2 48. Bc1 Bf5 49. Qe1 Qb3 50. Qd2 Bc2 51. Ke2 h5 52. h4 d3+ 53. Nxd3 Bxd3+ 54. Qxd3 Qxb4 55. Be3 Qxh4 56. Qd7 Qf6 57. g4 h4 58. g5 Qc3 59. Qxc6 b4 60. Qb7 b3 61. c6 Qc2+ 62. Bd2 h3 63. Qc8 Qc4+ 64. Kf2 Qh4+ 65. Ke2 h2 0-1

[Event "GER-chT Universities"]
[Site "Augsburg"]
[Date "2010.10.08"]
[Round "4.2"]
[White "Knickel, Aaron"]
[Black "Koepke, Elena"]
[Result "1-0"]
[WhiteElo "2135"]
[BlackElo "2280"]
[PlyCount "141"]
[EventDate "2010.10.06"]
[EventType "team-swiss"]
[EventRounds "6"]
[EventCountry "GER"]
[SourceTitle "EXT 2016"]
[Source "ChessBase"]
[SourceDate "2015.10.08"]
[SourceVersion "1"]
[SourceVersionDate "2015.10.08"]
[SourceQuality "1"]
[WhiteTeam "Mannheim Uni"]
[BlackTeam "Muenchen LMU"]
[WhiteTeamCountry "GER"]
[BlackTeamCountry "GER"]

1. g3 d5 2. Bg2 Nf6 3. d3 c6 4. Nd2 e5 5. e4 dxe4 6. dxe4 Be7 7. Ngf3 Qc7 8. 0-0 0-0 9. Nc4 Nbd7 10. Nfd2 Rd8 11. Ne3 Nc5 12. Qf3 Ne6 13. Nf5 Nd4 14. Nxe7+ Qxe7 15. Qd1 Bg4 16. f3 Be6 17. Kh1 Qd7 18. c3 Nb5 19. Qc2 b6 20. Re1 Bh3 21. Nc4 Bxg2+ 22. Kxg2 Qe6 23. Ne3 Rd7 24. Rd1 Rad8 25. Bd2 h5 26. Be1 Rxd1 27. Nxd1 Nh7 28. Ne3 Ng5 29. Qe2 Rd6 30. Nf5 Rd7 31. Rd1 g6 32. Rxd7 Qxd7 33. Qd2 Qxd2+ 34. Bxd2 gxf5 35. Bxg5 fxe4 36. Bf6 Nd6 37. b3 exf3+ 38. Kxf3 e4+ 39. Kf4 Kh7 40. Be5 e3 41. Kxe3 Nc8 42. Kf4 Kg6 43. g4 hxg4 44. Kxg4 Ne7 45. c4 Nf5 46. Kf4 f6 47. Bb8 a6 48. Bc7 b5 49. cxb5 cxb5 50. Ke4 Kg5 51. Bf4+ Kg6 52. Kd5 Ng7 53. Kc6 Kf5 54. Bb8 Ke4 55. Kb6 Kd5 56. Kxa6 Kc6 57. h4 Nh5 58. Ka5 f5 59. Kb4 f4 60. Ba7 f3 61. a4 bxa4 62. bxa4 Nf4 63. Kc4 Nh3 64. h5 f2 65. Bxf2 Nxf2 66. h6 Ng4 67. h7 Ne5+ 68. Kd4 Ng6 69. Ke4 Kd7 70. Kf5 Nh8 71. Kf6 1-0

[Event "GER-chT Universities"]
[Site "Augsburg"]
[Date "2010.10.06"]
[Round "1.2"]
[White "Lubczynski, Rafal"]
[Black "Knickel, Aaron"]
[Result "1-0"]
[WhiteElo "2419"]
[BlackElo "2135"]
[PlyCount "93"]
[EventDate "2010.10.06"]
[EventType "team-swiss"]
[EventRounds "6"]
[EventCountry "GER"]
[SourceTitle "EXT 2016"]
[Source "ChessBase"]
[SourceDate "2015.10.08"]
[SourceVersion "1"]
[SourceVersionDate "2015.10.08"]
[SourceQuality "1"]
[WhiteTeam "Poznan FH"]
[BlackTeam "Mannheim Uni"]
[WhiteTeamCountry "POL"]
[BlackTeamCountry "GER"]

1. Nf3 d6 2. d4 g6 3. g3 Bg7 4. Bg2 Nd7 5. 0-0 e5 6. c4 Ngf6 7. Nc3 0-0 8. e4 c6 9. h3 a5 10. Rb1 Re8 11. Be3 h6 12. b3 exd4 13. Nxd4 Nc5 14. Qc2 Ne6 15. Rbd1 Nd7 16. Nde2 Bf8 17. Qd2 Kh7 18. f4 Nec5 19. g4 Qe7 20. Ng3 Bg7 21. Bd4 Bf8 22. Nce2 Nf6 23. Bxc5 dxc5 24. e5 Ng8 25. Nc3 f6 26. f5 gxf5 27. gxf5 fxe5 28. f6 Nxf6 29. Qc2+ Kh8 30. Nce4 Nxe4 31. Qxe4 Be6 32. Nh5 Bg7 33. Rd3 Qg5 34. Qe2 e4 35. Rg3 Bd4+ 36. Kh1 Qe7 37. Rf4 e3 38. Rxe3 Bxe3 39. Qxe3 Bg8 40. Re4 Qf7 41. Qc3+ Kh7 42. Nf6+ Kg6 43. Rg4+ Kf5 44. Qf3+ Ke6 45. Re4+ Kd6 46. Qf4+ Re5 47. Qxe5# 1-0

[Event "GER-chT U20"]
[Site "Chemnitz"]
[Date "2009.12.28"]
[Round "3.2"]
[White "Knickel, Aaron"]
[Black "Paul, Johannes"]
[Result "1/2-1/2"]
[WhiteElo "2111"]
[BlackElo "2142"]
[PlyCount "116"]
[EventDate "2009.12.27"]
[EventType "team-swiss"]
[EventRounds "7"]
[EventCountry "GER"]
[SourceTitle "EXT 2022"]
[Source "ChessBase"]
[SourceDate "2021.10.06"]
[SourceVersion "1"]
[SourceVersionDate "2021.10.06"]
[SourceQuality "1"]
[WhiteTeam "Neuberg U20"]
[BlackTeam "Magdeburg Aufbau Elbe U20"]
[WhiteTeamCountry "GER"]
[BlackTeamCountry "GER"]

1. g3 g6 2. Bg2 Bg7 3. e4 c5 4. d3 Nc6 5. f4 e6 6. Nf3 Nge7 7. 0-0 0-0 8. c3 Rb8 9. Be3 b6 10. d4 d5 11. e5 Nf5 12. Bf2 cxd4 13. cxd4 Qd7 14. g4 Nfe7 15. Be3 a5 16. Nh4 f5 17. exf6 Bxf6 18. Nf3 Ba6 19. Rf2 Rbc8 20. Nc3 Nb4 21. Ne5 Bxe5 22. fxe5 Rxf2 23. Bxf2 Nd3 24. Qd2 Nxf2 25. Qxf2 Nc6 26. Qd2 Rf8 27. Rd1 Qd8 28. a3 b5 29. Rc1 Qb6 30. Nxd5 Qxd4+ 31. Qxd4 Nxd4 32. Ne7+ Kg7 33. Rd1 Ne2+ 34. Kh1 Rf2 35. Rf1 Rxf1+ 36. Bxf1 Bb7+ 37. Bg2 Bxg2+ 38. Kxg2 Nf4+ 39. Kf3 Nd3 40. Nc6 a4 41. Ke4 Nxb2 42. Nd4 b4 43. axb4 Kf7 44. Nc2 Ke7 45. Kd4 Kd7 46. b5 Nd1 47. Kc4 Nf2 48. Ne3 Kc7 49. Kb4 a3 50. Kxa3 Kb6 51. Kb4 Nd3+ 52. Kc3 Ne1 53. Kc4 Nf3 54. h3 Nxe5+ 55. Kb4 Nd3+ 56. Kc4 Ne5+ 57. Kb4 Nd3+ 58. Kc4 Ne5+ 1/2-1/2

[Event "Oberliga Ost-B 0910"]
[Site "Germany"]
[Date "2009.11.29"]
[Round "4.1"]
[White "Knickel, Aaron"]
[Black "Margolin, Boris"]
[Result "0-1"]
[WhiteElo "2111"]
[BlackElo "2447"]
[PlyCount "104"]
[EventDate "2009.10.18"]
[EventType "team-tourn"]
[EventRounds "11"]
[EventCountry "GER"]
[SourceTitle "EXT 2011"]
[Source "ChessBase"]
[SourceDate "2010.11.26"]
[SourceVersion "1"]
[SourceVersionDate "2010.11.26"]
[SourceQuality "1"]
[WhiteTeam "Neuberg"]
[BlackTeam "Oberursel"]
[WhiteTeamCountry "GER"]
[BlackTeamCountry "GER"]

1. Nf3 Nf6 2. g3 b5 3. Bg2 Bb7 4. 0-0 e6 5. a4 b4 6. c4 c5 7. d4 Na6 8. Nbd2 Rc8 9. b3 Be7 10. Bb2 0-0 11. Rc1 d5 12. e3 Ne4 13. Nxe4 dxe4 14. Nd2 f5 15. f3 cxd4 16. exd4 Bf6 17. Nb1 Nc5 18. fxe4 Bxe4 19. Bxe4 fxe4 20. dxc5 Bxb2 21. Rxf8+ Qxf8 22. Rc2 Qxc5+ 23. Kg2 Bd4 24. Nd2 e3 25. Ne4 Qe5 26. Qd3 Rf8 27. Rc1 h6 28. Re1 Rd8 29. Qc2 Qc7 30. Qe2 Rf8 31. Rf1 Rf5 32. g4 Rf4 33. Rxf4 Qxf4 34. Qf3 Qe5 35. Ng3 Bb6 36. Ne2 Bc7 37. h3 Qh2+ 38. Kf1 Bb6 39. Qa8+ Kf7 40. Qf3+ Ke7 41. a5 Bc5 42. Nf4 g5 43. Nd3 Bd4 44. Qb7+ Kd8 45. Qxb4 e2+ 46. Ke1 Qg1+ 47. Kxe2 Qe3+ 48. Kd1 Qxd3+ 49. Kc1 Be3+ 50. Kb2 Qd2+ 51. Ka3 Qxb4+ 52. Kxb4 a6 0-1

[Event "GER-chT U20"]
[Site "Arendsee"]
[Date "2008.12.27"]
[Round "1.2"]
[White "Bracker, Arne"]
[Black "Knickel, Aaron"]
[Result "1-0"]
[WhiteElo "2162"]
[BlackElo "2085"]
[PlyCount "87"]
[EventDate "2008.12.27"]
[EventType "team-swiss"]
[EventRounds "7"]
[EventCountry "GER"]
[SourceTitle "CBM 128 Extra"]
[Source "ChessBase"]
[SourceDate "2009.03.05"]
[SourceVersion "2"]
[SourceVersionDate "2009.03.25"]
[SourceQuality "1"]
[WhiteTeam "Hamburger SK"]
[BlackTeam "Neuberg"]
[WhiteTeamCountry "GER"]
[BlackTeamCountry "GER"]

1. e4 g6 2. d4 Bg7 3. Nc3 d6 4. g3 a6 5. Bg2 b5 6. a3 Bb7 7. Nge2 Nd7 8. 0-0 e6 9. f4 Ne7 10. Be3 0-0 11. Qd2 Qc8 12. Rad1 d5 13. e5 c5 14. dxc5 Nxc5 15. Nd4 Nd7 16. Qf2 Nc6 17. Nxc6 Qxc6 18. Bd4 a5 19. Rd2 b4 20. axb4 axb4 21. Nd1 Rfe8 22. g4 Ba6 23. Re1 b3 24. c3 Nc5 25. Qe3 Bc4 26. Nf2 Ra2 27. h4 Bf8 28. h5 Rea8 29. Bf3 Ra1 30. Kg2 Rxe1 31. Qxe1 Ra2 32. g5 Qb7 33. Ng4 Nd3 34. Nf6+ Kh8 35. Qh4 Rxb2 36. Rxb2 Nxb2 37. Nxh7 Kxh7 38. hxg6+ Kxg6 39. Bg4 Qd7 40. f5+ Kg7 41. fxe6 fxe6 42. Qh6+ Kf7 43. Qf6+ Ke8 44. Bh5+ 1-0